Tướng quân giữa mê hồn trận

Bewaard in:
Bibliografische gegevens
Hoofdauteur: Marquez, Gabriel Garcia
Formaat: Boek
Taal:Undetermined
Gepubliceerd in: Hà Nội Văn học 2000
Onderwerpen:
Tags: Voeg label toe
Geen labels, Wees de eerste die dit record labelt!
Thư viện lưu trữ: Trung tâm Học liệu Trường Đại học Cần Thơ
LEADER 00506nam a2200181Ia 4500
001 CTU_91411
008 210402s9999 xx 000 0 und d
082 |a 868 
082 |b M357 
100 |a Marquez, Gabriel Garcia 
245 0 |a Tướng quân giữa mê hồn trận 
245 0 |c Gabriel Garcia Marquez 
260 |a Hà Nội 
260 |b Văn học 
260 |c 2000 
650 |a Spanish literature 
904 |i Trúc 
980 |a Trung tâm Học liệu Trường Đại học Cần Thơ